Κατάλογος Βιβλιοθηκών Mediterranean College

ΠΡΟΒΛΗΜΑΤΑ ΠΑΡΑΓΩΓΗΣ ΓΡΑΠΤΟΥ ΛΟΓΟΥ ΠΑΙΔΙΩΝ ΣΧΟΛΙΚΗΣ ΗΛΙΚΙΑΣ (Record no. 6858)

MARC details
000 -LEADER
fixed length control field 01026cam a22002174a 4500
005 - ΗΜΕΡΟΜΗΝΙΑ ΚΑΙ ΩΡΑ ΤΕΛΕΥΤΑΙΑΣ ΕΝΗΜΕΡΩΣΗΣ
Πεδίο ελέγχου 20250605164252.0
008 - FIXED-LENGTH DATA ELEMENTS--GENERAL INFORMATION
Πεδίο ελέγχου σταθερού μήκους 250528s ||||||||||||||||||||||||d
035 ## - SYSTEM CONTROL NUMBER
System control number 21799
020 ## - ISBN
ISBN 9789604068142
040 ## - ΠΗΓΗ ΚΑΤΑΛΟΓΟΓΡΑΦΗΣΗΣ
Φορέας πρωτότυπης καταλογογράφησης MC Athens Campus Library
Γλώσσα καταλογογράφησης Ελληνικά, Μοντέρνα (1453-)
Modifying agency MC Athens Campus Library
Κανόνες περιγραφικής καταλογογράφησης AACR2
245 1# - ΤΙΤΛΟΣ ΚΑΙ ΔΗΛΩΣΗ ΥΠΕΥΘΥΝΟΤΗΤΑΣ
Τίτλος ΠΡΟΒΛΗΜΑΤΑ ΠΑΡΑΓΩΓΗΣ ΓΡΑΠΤΟΥ ΛΟΓΟΥ ΠΑΙΔΙΩΝ ΣΧΟΛΙΚΗΣ ΗΛΙΚΙΑΣ
250 ## - EDITION STATEMENT
Edition statement 8
260 ## - PUBLICATION, DISTRIBUTION, ETC.
Name of publisher, distributor, etc. Ελληνικά Γράμματα,
Date of publication, distribution, etc. 2009
300 ## - PHYSICAL DESCRIPTION
Extent 261
505 0# - FORMATTED CONTENTS NOTE
Formatted contents note ΑΞΙΟΛΟΓΗΣΗ ΠΡΟΒΛΗΜΑΤΩΝ ΔΥΣΓΡΑΦΙΑ ΥΠΟΣΤΗΡΙΚΤΙΚΗ ΔΙΔΑΣΚΑΛΙΑ ΤΕΧΝΙΚΕΣ ΟΡΘΟΓΡΑΦΙΑΣ ΜΕΤΑΓΝΩΣΤΙΚΕΣ ΣΤΡΑΤΗΓΙΚΕΣ
520 ## - SUMMARY, ETC.
Summary, etc. ΑΞΙΟΛΟΓΗΣΗ ΠΡΟΒΛΗΜΑΤΩΝ ΔΥΣΓΡΑΦΙΑ ΥΠΟΣΤΗΡΙΚΤΙΚΗ ΔΙΔΑΣΚΑΛΙΑ ΤΕΧΝΙΚΕΣ ΟΡΘΟΓΡΑΦΙΑΣ ΜΕΤΑΓΝΩΣΤΙΚΕΣ ΣΤΡΑΤΗΓΙΚΕΣ
700 1# - ΠΡΟΣΘΕΤΗ ΑΝΑΓΡΑΦΗ--ΦΥΣΙΚΟ ΠΡΟΣΩΠΟ
Personal name Σπαντιδακης Ιωαννης Ι
9 (RLIN) 7716
942 ## - ADDED ENTRY ELEMENTS (KOHA)
Koha item type Books
Holdings
Τύπος τεκμηρίου Βιβλιοθήκη Τρέχουσα τοποθεσία Barcode Αριθμός εισαγωγής Ημερομηνία απόκτησης Ταξιθετικό σύμβολο Αριθμός αντιτύπου Κατάσταση απόσυρσης Κατάσταση χαμένου Κατάσταση κατεστραμμένου Μη δανεισμός Σύνολο δανεισμών Ημερομηνία τελευταίας εμφάνισης Η τιμή ισχύει από
Books MC Thessaloniki Campus Library MC Thessaloniki Campus Library 9780000068576 1890 05/06/2025 371.9142 ΣΠΑ 1           05/06/2025 05/06/2025

MC Athens Campus Library
Πατησίων 94 & Κοδριγκτώνος 13, 104 34
Πελλήνης 8 & Πατησίων 107, 112 51
Τ: +30 210 8899600

MC Thessaloniki Campus Library
Ίωνος Δραγούμη 21, 54625 | Ίωνος Δραγούμη 15, 54625
Τ: +30 2310 287779 – Τ: +30 2314 440300